<?xml version="1.0" encoding="UTF-8"?><?xml-stylesheet type="text/xsl" href="static/style.xsl"?><OAI-PMH xmlns="http://www.openarchives.org/OAI/2.0/" xmlns:xsi="http://www.w3.org/2001/XMLSchema-instance" xsi:schemaLocation="http://www.openarchives.org/OAI/2.0/ http://www.openarchives.org/OAI/2.0/OAI-PMH.xsd"><responseDate>2026-04-13T05:58:06Z</responseDate><request verb="GetRecord" identifier="oai:www.recercat.cat:2099.1/14804" metadataPrefix="marc">https://recercat.cat/oai/request</request><GetRecord><record><header><identifier>oai:recercat.cat:2099.1/14804</identifier><datestamp>2025-07-22T15:37:19Z</datestamp><setSpec>com_2072_1033</setSpec><setSpec>col_2072_452951</setSpec></header><metadata><record xmlns="http://www.loc.gov/MARC21/slim" xmlns:dcterms="http://purl.org/dc/terms/" xmlns:xsi="http://www.w3.org/2001/XMLSchema-instance" xmlns:doc="http://www.lyncode.com/xoai" xsi:schemaLocation="http://www.loc.gov/MARC21/slim http://www.loc.gov/standards/marcxml/schema/MARC21slim.xsd">
   <leader>00925njm 22002777a 4500</leader>
   <datafield ind2=" " ind1=" " tag="042">
      <subfield code="a">dc</subfield>
   </datafield>
   <datafield ind2=" " ind1=" " tag="720">
      <subfield code="a">Tarramera Oliván, María del Pilar</subfield>
      <subfield code="e">author</subfield>
   </datafield>
   <datafield ind2=" " ind1=" " tag="260">
      <subfield code="c">2010</subfield>
   </datafield>
   <datafield ind2=" " ind1=" " tag="520">
      <subfield code="a">En el actual informe se presenta un estudio sobre las características de ocho edificios de hormigón armado dañados durante el terremoto chileno del 27 de Febrero de 2010. Son edificios de uso residencial, y se caracterizan por tener un pasillo central longitudinal de muros y muros transversales que dividen los departamentos y las piezas interiores. Los muros de hormigón armado soportan las cargas verticales y laterales inducidas por los sismos. La obtención de características geométricas de estos edificios es de suma importancia en futuras investigaciones para correlacionar estas características con el daño observado.&#xd;
Los ocho edificios seleccionados para este estudio están en diferentes comunas de la ciudad de Santiago: cuatro en Huechuraba, dos en Independencia y dos en Macul. Para cada uno de estos edificios se entrega el número de identificación, el nombre edificio, el número de pisos, el año de recepción, las coordenadas geográficas, la orientación del eje longitudinal y el tipo de suelo. Adicionalmente, para cada uno de estos edificios se añade la planta tipo más representativa y una fotografía general.&#xd;
Con la finalidad de dar una mejor idea de lo ocurrido durante el terremoto a estas estructuras, se describen los daños sufridos a cinco de los ocho edificios estudiados.&#xd;
Las características geométricas se obtienen para cada piso y para cada uno los ocho edificios estudiados. De este modo se puede analizar la distribución de estas propiedades geométricas en la altura del edificio. Las características geométricas calculadas para cada edificio son: ancho máximo en dirección „x‟ (dirección horizontal en plano de planta), ancho máximo en dirección „y‟ (dirección vertical en plano de planta), razón de aspecto en planta, razón de esbeltez, área de&#xd;
planta, espesor promedio de los muros, densidad de muros en dirección „x‟, densidad&#xd;
de muros en dirección „y‟, y por último, densidad total de elementos verticales. Al final del apartado se realiza una comparación de las características entre los ocho edificios.&#xd;
De este estudio se concluye que el valor promedio de la densidad de elementos verticales es del orden de 6%, valor que se ha mantenido desde el anterior gran sismo sufrido en Chile en el año 1985. Sin embargo, se demuestra que hay otros&#xd;
valores que sí se modifican en los edificios construidos en las últimas dos décadas,&#xd;
tanto el número de pisos como el espesor de los muros han sufrido cambios. La altura&#xd;
de los edificios ha aumentado considerablemente en donde los edificios de 20 pisos o más son comunes. Sin embargo, el espesor de los muros ha disminuido desde un&#xd;
promedio de 30cm hasta un promedio de 20 cm.</subfield>
   </datafield>
   <datafield ind2=" " ind1=" " tag="520">
      <subfield code="a">Outgoing</subfield>
   </datafield>
   <datafield tag="653" ind2=" " ind1=" ">
      <subfield code="a">Àrees temàtiques de la UPC::Edificació::Materials de construcció::Formigó</subfield>
   </datafield>
   <datafield tag="653" ind2=" " ind1=" ">
      <subfield code="a">Àrees temàtiques de la UPC::Edificació::Elements constructius d'edificis::Elements estructurals d'edificis</subfield>
   </datafield>
   <datafield tag="653" ind2=" " ind1=" ">
      <subfield code="a">Reinforced concrete construction</subfield>
   </datafield>
   <datafield tag="653" ind2=" " ind1=" ">
      <subfield code="a">Buildings -- Earthquake effect</subfield>
   </datafield>
   <datafield tag="653" ind2=" " ind1=" ">
      <subfield code="a">Construccions de formigó armat</subfield>
   </datafield>
   <datafield tag="653" ind2=" " ind1=" ">
      <subfield code="a">Edificis -- Efectes dels terratrèmols</subfield>
   </datafield>
   <datafield ind2="0" ind1="0" tag="245">
      <subfield code="a">Características y antecedentes de edificios de muros de hormigón armado dañados durante el terremoto chileno del 27 de Febrero de 2010</subfield>
   </datafield>
</record></metadata></record></GetRecord></OAI-PMH>